00305nam a2200133Ia 4500008004100000041001200041082001600053100001700069245002200086260002900108300000900137650000700146700001800153221030s9999 xx 000 0 und d aEnglish a105.23bFul aS. R. Fulton 0aBasic AC Circuits bHoward & WamsaUSAc1981 a1435 aEE aJ. C. Rawlins